Manažéri logistiky - požiadavky a činnosti

Príspevok poukazuje na identické i odlišné požiadavky praxe na obsadenie pracovných pozícií manažérov logistiky v SR a vo Veľkej Británii, najmä čo sa týka manažérskych spôsobilostí. Popis činností manažérov logistiky, ktoré patria medzi najčastejšie v automobilovom priemysle na Slovensku. Inzerovan...

Descrizione completa

Salvato in:
Dettagli Bibliografici
Autore principale: Ferencová, Martina
Altri autori: Gajdoš, Jozef, 1962-2025
Natura: Capitolo di libro
Lingua:slovacco
Soggetti:
Tags: Aggiungi Tag
Nessun Tag, puoi essere il primo ad aggiungerne!!

MARC

LEADER 00000nla a2200000 4500
001 0201711
005 20240502073410.9
041 0 |a slo 
044 |a SK 
245 1 0 |a Manažéri logistiky - požiadavky a činnosti  |c Martina Ferencová, Jozef Gajdoš 
520 |a Príspevok poukazuje na identické i odlišné požiadavky praxe na obsadenie pracovných pozícií manažérov logistiky v SR a vo Veľkej Británii, najmä čo sa týka manažérskych spôsobilostí. Popis činností manažérov logistiky, ktoré patria medzi najčastejšie v automobilovom priemysle na Slovensku. Inzerovaniu voľných pracovných pozícií v danej oblasti je potrebné venovať väčšiu pozornosť. 
610 2 0 |a manažment logistický 
610 2 0 |a manažéri 
610 2 0 |a spôsobilosť k práci 
610 2 0 |a inzercia 
610 2 0 |a miesta pracovné voľné 
610 2 0 |a Slovensko 
610 2 0 |a Veľká Británia 
100 1 |a Ferencová, Martina 
700 1 |a Gajdoš, Jozef, 1962-2025